Accounting information systems
Сохранить в:
| Главный автор: | |
|---|---|
| Формат: | |
| Язык: | Undetermined |
| Опубликовано: |
Mason, OH
Thomson
2007
|
| Предметы: | |
| Online-ссылка: | http://lrc.tdmu.edu.vn/opac/search/detail.asp?aID=2&ID=7258 |
| Метки: |
Добавить метку
Нет меток, Требуется 1-ая метка записи!
|
| Thư viện lưu trữ: | Trung tâm Học liệu Trường Đại học Thủ Dầu Một |
|---|
| LEADER | 00616nam a2200193Ia 4500 | ||
|---|---|---|---|
| 001 | TDMU_7258 | ||
| 008 | 210410s9999 xx 000 0 und d | ||
| 082 | |a 657.0285 | ||
| 090 | |b H103 | ||
| 100 | |a Hall, James A | ||
| 245 | 0 | |a Accounting information systems | |
| 245 | 0 | |c James A. Hall | |
| 260 | |a Mason, OH | ||
| 260 | |b Thomson | ||
| 260 | |c 2007 | ||
| 300 | |a xxii, 832, [35] p. | ||
| 650 | |a Accounting |x Data processing; Kế toán |x Xử lý dữ liệu | ||
| 856 | |u http://lrc.tdmu.edu.vn/opac/search/detail.asp?aID=2&ID=7258 | ||
| 980 | |a Trung tâm Học liệu Trường Đại học Thủ Dầu Một | ||